00526nam a2200145Ia 4500003000900000008004100009020002600050040001600076100002600092245007400118260003200192300002000224490003300244856010300277IN-BaIIA211028s9999 xx s 000 0 eng d a9780819465573 (Print) cIIA Library aEnderlein, Joerg, ed. 0aUltrasensitive and Single-Molecule Detection Technologies IIh[eBook] aWashington, USAbSPIEc2007 aOnline resource aProceedings of SPIE; V. 6444 uhttps://www.spiedigitallibrary.org/conference-proceedings-of-spie/6444yClick Here to Access eBook